A Handbook for Technical Communications /

Guardado en:
Detalles Bibliográficos
Autor principal: Neufeld, Jacqueline K (Autor)
Formato: Libro
Lenguaje:inglés
Publicado: London : Prentice Hall Regents, 1987
Materias:
Etiquetas: Agregar Etiqueta
Sin Etiquetas, Sea el primero en etiquetar este registro!

MARC

LEADER 00000nam a22000003a 4500
001 stu45964
005 20150617225715.4
008 971118s1987----uk------------------eng-d
020 |a 0-13-382292-3 
040 |a STU  |b slo 
041 0 |a eng 
044 |a uk 
080 |a 802.0 
080 |a 62 
080 |a 177.2 
100 1 |a Neufeld, Jacqueline K  |4 aut 
245 1 |a A Handbook for Technical Communications /  |c [aut.]Jacqueline K. Neufeld 
260 |a London :  |b Prentice Hall Regents,  |c 1987 
300 |a 214 s 
650 7 |a Komunikácia technická anglická  |2 stusub 
650 7 |a angličtina  |2 stusub 
650 7 |a komunikácia technická  |2 stusub 
996 |b 284M056014  |c M*9639-1  |l MMKN  |s A  |a 24  |w stu45964_0001 
996 |b M 29990  |c M*9639-2  |l MMKN  |s A  |a 24  |w stu45964_0002